000 00234nam a22000857a 4500
008 160803b xxu||||| |||| 00| 0 eng d
100 _96
_aVerma R
245 _aTogether with Chemistry-XI
260 _aNew Delhi
_bRachna Sagar Publication
_c2013
999 _c2656
_d2656